000 01111nam a22002657a 4500
005 20170124102953.0
010 _aA-969395
020 _c00.00
_a8121608287
035 _aA-969395
037 _bCen Lib/Ret
040 _aDPL
_bHN
082 _a
_bदोस्तो
100 _aदोस्तोएवस्की
_952292
245 _aजुआरी/
_cदोस्तोएवस्की; अनुवादक रामचन्द्र तिवारी
246 _aJuari /
_bby Dostoievsky; anuvadak Ramchandra Tiwari
260 _aदिल्ली
_bहिन्दी पॉकेट बुक्स
_c1998
270 _aदिल्सहद गार्डन, ज़ी.टी. रोड
_bदिल्ली
_e110095
300 _a166पृ.
_c21सेमी (सजिल्द)
650 _aरुसी साहित्य
_952293
650 _a उपन्यास
_952294
650 _aRussian literature
_952295
650 _aNovel
_922513
700 _aतिवारी, रामचन्द्र
_942563
942 _2ddc
_cHN
_h
_mदोस्तो
999 _c113450
_d113450